000 00519nam a2200181 i 4500
001 6427
003 ES-MaACL
005 20230906144929.0
007 t|
008 891121s1989 sp ||||1| spa d
080 _a86-14"19"
080 _a86(Montoya Chato,J.C.7 E.01)
100 1 _aMontoya Chato, Juan Carlos.
_982711
245 1 3 _aEl Espejo de los versos /
_cJuan Carlos Montoya Chato.
260 _a[S.l. :
_bs.n.],
_c1989 (
_eMadrid :
_fCysa)
300 _a38 p. ;
_c21 cm.
852 _aES-MaACL
_jL-13592
_bR.117199
999 _c6427
_d6427